Čínský hospodářský zázrak: naděje, či hrozba?
Rýchly rast čínskej ekonomiky a s tým súvisiace otázky dopadu na medzinárodné vzťahy a globálnu ekonomiku. Veľký potenciál pre hospodársku spoluprácu. Prelomové rozhodnutie čínskej vlády - uznanie práva na súkromné vlastníctvo. Čína - najvýznamnejší veriteľ Spojených štátov amerických. Budúca hospod...
Salvato in:
| Autore principale: | |
|---|---|
| Natura: | Capitolo di libro |
| Lingua: | ceco |
| Soggetti: | |
| Tags: |
Nessun Tag, puoi essere il primo ad aggiungerne!!
|
MARC
| LEADER | 00000naa$a2200000$$$4500 | ||
|---|---|---|---|
| 001 | 0066911 | ||
| 005 | 20231016092837.0 | ||
| 041 | 0 | |a cze | |
| 044 | |a CZ | ||
| 245 | 1 | 0 | |a Čínský hospodářský zázrak: naděje, či hrozba? |c František Mrázek |
| 520 | |a Rýchly rast čínskej ekonomiky a s tým súvisiace otázky dopadu na medzinárodné vzťahy a globálnu ekonomiku. Veľký potenciál pre hospodársku spoluprácu. Prelomové rozhodnutie čínskej vlády - uznanie práva na súkromné vlastníctvo. Čína - najvýznamnejší veriteľ Spojených štátov amerických. Budúca hospodárska stratégia Číny. | ||
| 610 | 2 | 0 | |a rast hospodársky |
| 610 | 2 | 0 | |a rozvoj hospodársky |
| 610 | 2 | 0 | |a politika hospodárska |
| 610 | 2 | 0 | |a energetika |
| 610 | 2 | 0 | |a prostredie životné |
| 610 | 2 | 0 | |a obchod zahraničný |
| 610 | 2 | 0 | |a trh svetový |
| 610 | 2 | 0 | |a spolupráca medzinárodná |
| 610 | 2 | 0 | |a Čína |
| 100 | 1 | |a Mrázek, František | |